Państwa na litere c - Statystyki

Ogólne statystyki
  • Ten quiz został rozwiązany 30 razy
  • Średni wynik to 6 z 7
Statystyki odpowiedzi
Hint Odpowiedź % Poprawnych
Europa Czechy
100%
AmerykaPołudniowa Chile
96%
Azja Chiny
89%
Europa Chorwacja
89%
Europa Czarnogóra
89%
Afryka Czad
78%
Azja Cypr
67%
Nie znaleziono quizów pasujących do podanych kryteriów
Rozkład punktacji
Procent ludzi z każdym wynikiem
Percentyl według liczby udzielonych odpowiedzi
Twoja historia wyników
Nie rozwiązałeś tego quizu